Valtioita osittaisten lippujen mukaan #7 - Statistics

Yleistilastot
  • Tätä visaa on pelattu 414 kertaa
  • Keskiarvotulos 11 / 16
Vastaustilastot
Kuvavisa Vastaus % Oikein
Irlanti
95%
Latvia
95%
Irak
90%
Nigeria
89%
Bangladesh
88%
Bhutan
85%
Afganistan
75%
Honduras
70%
Moldova
69%
Seychellit
69%
Myanmar
67%
Kamerun
60%
Fidži
59%
Mauritius
56%
Belize
39%
Dominica
34%
Ehtoja vastaavia visoja ei löytynyt
Tulosjakauma
Jokaisen tuloksen saaneiden osuus
Persentiili vastausten määrän mukaan
Tuloshistoriasi
Et ole pelannut tätä visaa